ბათუმის შოთა რუსთაველის სახელმწიფო უნივერსიტეტის ბიბლიოთეკა

ქართული სამხედრო ხელოვნების ისტორია (ბიბ.ჩანაწერი № 49244)

000 -LEADER
fixed length control field 00855nam a2200253Ia 4500
001 - CONTROL NUMBER
control field 16158
003 - CONTROL NUMBER IDENTIFIER
control field GE_BSU
008 - FIXED-LENGTH DATA ELEMENTS--GENERAL INFORMATION
fixed length control field 181216s||||||||xx |||||||||||||| ||und||
020 ## - INTERNATIONAL STANDARD BOOK NUMBER
International Standard Book Number 978994462077
040 ## - CATALOGING SOURCE
Transcribing agency GE_BSU
080 ## - UNIVERSAL DECIMAL CLASSIFICATION NUMBER
Universal Decimal Classification number 355.45(479.22)
100 ## - MAIN ENTRY--PERSONAL NAME
Personal name გოგოლიშვილი,ოთარ
245 ## - TITLE STATEMENT
Title ქართული სამხედრო ხელოვნების ისტორია
245 ## - TITLE STATEMENT
Remainder of title სალექციო კურსი
245 ## - TITLE STATEMENT
Statement of responsibility, etc. რედ.ნ.ხახუტაიშვილი
260 ## - PUBLICATION, DISTRIBUTION, ETC.
Place of publication, distribution, etc. ბათუმი
260 ## - PUBLICATION, DISTRIBUTION, ETC.
Name of publisher, distributor, etc. ბსუ
260 ## - PUBLICATION, DISTRIBUTION, ETC.
Date of publication, distribution, etc. 2015
300 ## - PHYSICAL DESCRIPTION
Extent 112 გვ. ; 21 სმ
653 ## - INDEX TERM--UNCONTROLLED
Uncontrolled term ისტორია
653 ## - INDEX TERM--UNCONTROLLED
Uncontrolled term ქართული სამხედრო ხელოვნების ისტორია
942 ## - ADDED ENTRY ELEMENTS (KOHA)
Koha item type წიგნი
ეგზემპლარები
Withdrawn status Lost status Damaged status Not for loan Date acquired Barcode Date last seen Price effective from Koha item type
        2018-12-17 40470 2018-12-17 2018-12-17 წიგნი
        2018-12-17 40471 2018-12-17 2018-12-17 წიგნი
        2018-12-17 40472 2018-12-17 2018-12-17 წიგნი
        2018-12-17 40473 2018-12-17 2018-12-17 წიგნი
        2018-12-17 40474 2018-12-17 2018-12-17 წიგნი
        2018-12-17 40475 2018-12-17 2018-12-17 წიგნი
        2018-12-17 40476 2018-12-17 2018-12-17 წიგნი
        2018-12-17 40477 2018-12-17 2018-12-17 წიგნი
        2018-12-17 40478 2018-12-17 2018-12-17 წიგნი
        2018-12-17 40479 2018-12-17 2018-12-17 წიგნი
        2018-12-17 40480 2018-12-17 2018-12-17 წიგნი
        2018-12-17 40481 2018-12-17 2018-12-17 წიგნი
        2018-12-17 40482 2018-12-17 2018-12-17 წიგნი
        2018-12-17 40483 2018-12-17 2018-12-17 წიგნი
        2018-12-17 40484 2018-12-17 2018-12-17 წიგნი
        2018-12-17 40485 2018-12-17 2018-12-17 წიგნი
        2018-12-17 40486 2018-12-17 2018-12-17 წიგნი
        2018-12-17 40487 2018-12-17 2018-12-17 წიგნი
        2018-12-17 40488 2018-12-17 2018-12-17 წიგნი
        2018-12-17 40489 2018-12-17 2018-12-17 წიგნი
        2018-12-17 40490 2018-12-17 2018-12-17 წიგნი
        2018-12-17 40491 2018-12-17 2018-12-17 წიგნი
        2018-12-17 40492 2018-12-17 2018-12-17 წიგნი
        2018-12-17 40493 2018-12-17 2018-12-17 წიგნი
        2018-12-17 40494 2018-12-17 2018-12-17 წიგნი
        2018-12-17 40495 2018-12-17 2018-12-17 წიგნი
        2018-12-17 40496 2018-12-17 2018-12-17 წიგნი
        2018-12-17 40497 2018-12-17 2018-12-17 წიგნი
        2018-12-17 40498 2018-12-17 2018-12-17 წიგნი
        2018-12-17 40499 2018-12-17 2018-12-17 წიგნი
        2018-12-17 40500 2018-12-17 2018-12-17 წიგნი
        2018-12-17 40501 2018-12-17 2018-12-17 წიგნი
        2018-12-17 40502 2018-12-17 2018-12-17 წიგნი
        2018-12-17 40503 2018-12-17 2018-12-17 წიგნი
        2018-12-17 40504 2018-12-17 2018-12-17 წიგნი
        2018-12-17 40505 2018-12-17 2018-12-17 წიგნი
        2018-12-17 40506 2018-12-17 2018-12-17 წიგნი
        2018-12-17 40507 2018-12-17 2018-12-17 წიგნი
        2018-12-17 40508 2018-12-17 2018-12-17 წიგნი
        2018-12-17 40509 2018-12-17 2018-12-17 წიგნი
        2018-12-17 40510 2018-12-17 2018-12-17 წიგნი
        2018-12-17 40511 2018-12-17 2018-12-17 წიგნი
        2018-12-17 40512 2018-12-17 2018-12-17 წიგნი
        2018-12-17 40513 2018-12-17 2018-12-17 წიგნი